书目信息 |
| 题名: |
日本的新政治经济观
|
|
| 作者: | 陈友骏 著 | |
| 分册: | ||
| 出版信息: | 北京 时事出版社 2013 |
|
| 页数: | 497页 | |
| 开本: | 24cm | |
| 丛书名: | ||
| 单 册: | ||
| 中图分类: | D731.321 , F131.31 | |
| 科图分类: | ||
| 主题词: | 政治体制改革--zheng zhi ti zhi gai ge--研究--日本--现代 , 经济体制改革--jing ji ti zhi gai ge--研究--日本--现代 | |
| 电子资源: | ||
| ISBN: | 978-7-80232-593-7 | |
| 000 | 01036nam0 22002651 450 | |
| 001 | 0124140130 | |
| 005 | 20170324140130.0 | |
| 010 | @a978-7-80232-593-7@dCNY76.00 | |
| 100 | @a20130520d2013 em y0chiy50 ea | |
| 101 | 0 | @achi |
| 102 | @aCN@b110000 | |
| 105 | @ay z 000yy | |
| 106 | @ar | |
| 200 | 1 | @a日本的新政治经济观@9ri ben de xin zheng zhi jing ji guan@dJapan's neo-perception of its political and economic development@f陈友骏著@zeng |
| 210 | @a北京@c时事出版社@d2013 | |
| 215 | @a497页@d24cm | |
| 330 | @a本书侧重阐述全球性金融危机之后日本为寻求国家“再生”的变革,在政治、经济、外交等诸多领域所实施的一系列战略性的调整与创新。 | |
| 510 | 1 | @aJapan's neo-perception of its political and economic development@zeng |
| 606 | 0 | @a政治体制改革@9zheng zhi ti zhi gai ge@x研究@y日本@z现代 |
| 606 | 0 | @a经济体制改革@9jing ji ti zhi gai ge@x研究@y日本@z现代 |
| 690 | @aD731.321@v5 | |
| 690 | @aF131.31@v5 | |
| 701 | 0 | @a陈友骏@9chen you jun@4著 |
| 801 | 0 | @aCN@bTANGWEI@c20170308 |
| 905 | @b0961676-8@dD731.321@e404@f3 | |
| 日本的新政治经济观=Japan's neo-perception of its political and economic development/陈友骏著.-北京:时事出版社,2013 |
| 497页;24cm |
| ISBN 978-7-80232-593-7:CNY76.00 |
| 本书侧重阐述全球性金融危机之后日本为寻求国家“再生”的变革,在政治、经济、外交等诸多领域所实施的一系列战略性的调整与创新。 |
| ● |
| 相关链接 |
|
|
|
|
正题名:日本的新政治经济观
索取号:D731.321/404
 
预约/预借
| 序号 | 登录号 | 条形码 | 馆藏地/架位号 | 状态 | 备注 |
| 1 | 0961676 | 209616762 | 第一样本阅览室/ [索取号:D731.321/404] | 在馆 | |
| 2 | 0961677 | 209616771 | 密集书库-海洋学院/ [索取号:D731.321/404] | 在馆 | |
| 3 | 0961678 | 209616780 | 第一借阅区/ [索取号:D731.321/404] | 在馆 |